Central Library OPAC University of Rajshahi

Guide to use of Dewey decimal classification : (Record no. 635)

MARC details
000 -LEADER
fixed length control field 00848cam a22002531 4500
001 - CONTROL NUMBER
control field 635
003 - CONTROL NUMBER IDENTIFIER
rucl marc code BD-RjUL
005 - DATE AND TIME OF LATEST TRANSACTION
control field 20211208233217.0
008 - FIXED-LENGTH DATA ELEMENTS--GENERAL INFORMATION
fixed length control field 131119s1962 nyu b 000 0 eng
035 ## - SYSTEM CONTROL NUMBER
System control number (BD-RjUL) 653
System control number (OCoLC)1368982
040 ## - CATALOGING SOURCE
Original cataloging agency DLC
Transcribing agency PCoR
Modifying agency OCoLC
-- DLC
Language of cataloging eng
041 ## - LANGUAGE CODE
Language code of text/sound track or separate title eng
082 00 - DEWEY DECIMAL CLASSIFICATION NUMBER
Classification number 025.43
Author mark and year GUI 1962
245 10 - TITLE STATEMENT
Title Guide to use of Dewey decimal classification :
Remainder of title based on the practice of the Decimal Classification Office at the Library of Congress /
Statement of responsibility, etc. by Lake Placid Club Education Foundation
260 ## - PUBLICATION, DISTRIBUTION, ETC. (IMPRINT)
Place of publication, distribution, etc. Lake Placid Club, N.Y. :
Name of publisher, distributor, etc. Forest Press,
Date of publication, distribution, etc. 1962.
300 ## - PHYSICAL DESCRIPTION
Pagination 133 p. :
Size 22 cm.
500 ## - GENERAL NOTE
General note Bibliography: p. 131-133.
650 #0 - SUBJECT ADDED ENTRY--TOPICAL TERM
Topical term or geographic name as entry element Classification, Decimal.
9 (RLIN) 1420
710 2# - ADDED ENTRY--CORPORATE NAME
Corporate name or jurisdiction name as entry element Lake Placid Club Education Foundation.
9 (RLIN) 1929
942 ## - ADDED ENTRY ELEMENTS (KOHA)
Source of classification or shelving scheme Dewey Decimal Classification
Koha item type Books
Holdings
Lost status Source of classification or shelving scheme Damaged status Not for loan Collection code Permanent Location Current Location Shelving location Date acquired Source of acquisition Cost, normal purchase price Total Checkouts Full call number Date last seen Copy number Koha item type
  Dewey Decimal Classification     Non-fiction Central Library, University of Rajshahi Central Library, University of Rajshahi Reading Room 15/12/1963 Mirza Book 27.50   025.43 GUI 1962 19/11/2013 C-1 Books